[Event "Gallego-ch U18"]
[Site "Pontedeume A Coruna"]
[Date "2010.02.16"]
[Round "8.9"]
[White "Rivera Couce, Aday"]
[Black "Lopez Grana, Carmen"]
[Result "0-1"]
[WhiteElo "1584"]
[BlackElo "1794"]
[PlyCount "108"]
[EventDate "2010.02.13"]
[EventType "swiss"]
[EventRounds "8"]
[EventCountry "ESP"]
[SourceTitle "EXT 2024"]
[Source "ChessBase"]
[SourceDate "2023.10.10"]
[SourceVersion "1"]
[SourceVersionDate "2023.10.10"]
[SourceQuality "1"]

1. Nf3 Nf6 2. c4 e6 3. g3 d5 4. Qc2 c6 5. Bg2 Bd6 6. d3 Nbd7 7. 0-0 Ne5 8. Nbd2 Ng6 9. a3 a5 10. b3 0-0 11. Bb2 Re8 12. e4 dxe4 13. Nxe4 Nxe4 14. dxe4 e5 15. Rad1 Qe7 16. Qc1 h6 17. Rd3 Be6 18. Rfd1 Rad8 19. h3 Rd7 20. Qa1 f6 21. Qc1 Red8 22. Qa1 Bc5 23. Rxd7 Rxd7 24. Rxd7 Qxd7 25. Qf1 Nf8 26. Bc3 Bxa3 27. Bxa5 Bc5 28. Bc3 b5 29. h4 Bg4 30. b4 Be7 31. c5 Be6 32. Nd2 Bd8 33. Kh2 Bc7 34. Bh3 Bxh3 35. Qxh3 Qd3 36. g4 Qc2 37. Qe3 Ne6 38. Nf1 Qd1 39. Ng3 Qxg4 40. Nf5 Nf4 41. Qg3 Qxg3+ 42. fxg3 Ne2 43. Bd2 Kf7 44. Kg2 h5 45. Kf2 Nd4 46. Nxd4 exd4 47. Kf3 Ke6 48. Bc1 f5 49. exf5+ Kxf5 50. Bd2 Be5 51. Be1 d3 52. Bd2 Bd4 53. Be1 Ke5 54. Bd2 Kd5 0-1